| 000 | 00688nam a2200205 i 4500 | ||
|---|---|---|---|
| 001 | 40720 | ||
| 003 | ES-MaACL | ||
| 007 | t| | ||
| 008 | 030306s1961 sp ||||1| spa d | ||
| 100 | 0 |
_aCarreras, Lluís, _d1884-1955 _935662 |
|
| 245 | 1 | 0 |
_aArticles apologètic, socials i ascétics / _cLuis Carreras. |
| 260 |
_aBarcelona : _b[s.n.], _c1961 ( _fGráf. Marina) |
||
| 300 |
_a589 p. ; _c21 cm. |
||
| 490 | 1 |
_aObres de Mossèn Lluis Carreras ; _v3 |
|
| 505 | 8 | _aContiene: V. I: Revista popular (1910,1916-1925) | |
| 740 | 2 | _aRevista popular. | |
| 830 | 0 |
_aObres de Mossèn Lluis Carreras ; _v3 _9229755 |
|
| 852 |
_aES-MaACL _jE-4820 _bR.48113 |
||
| 999 |
_c40720 _d40720 |
||